| 000 | 00774 a2200181 4500 | ||
|---|---|---|---|
| 003 | Nust | ||
| 005 | 20170207153154.0 | ||
| 040 | _cNust | ||
| 082 | _a005.8 | ||
| 100 | _aRehman, Atiqur ( MSIS-2) | ||
| 245 |
_aTechniques of physical side channel crypt analysis _cAtiqur Rehman |
||
| 260 |
_bMCS (NUST) _c2008 _aRawalpindi |
||
| 300 | _ax, 91, p. | ||
| 505 | _aIntroduction (page-1) History of side channel cryptanalysis (page-6) Physical implementation attacks (page-10) Side channel cryptanalysis (page-15)Timing analysis (page-25) Power analysis (page-37) Fault analysis (page-42) SCA attack approaches (page-58) Standards (page-66) Countermeasures against SCA (page-75) Summary (page-83) | ||
| 538 | _a Almirah No.70 Shelf No.4 | ||
| 650 | _aPG Thesis | ||
| 651 | _aMSIS-2 | ||
| 942 | _cTHS | ||
| 999 |
_c180693 _d180693 |
||